<?xml version="1.0" encoding="UTF-8"?><?xml-stylesheet type="text/xsl" href="static/style.xsl"?><OAI-PMH xmlns="http://www.openarchives.org/OAI/2.0/" xmlns:xsi="http://www.w3.org/2001/XMLSchema-instance" xsi:schemaLocation="http://www.openarchives.org/OAI/2.0/ http://www.openarchives.org/OAI/2.0/OAI-PMH.xsd"><responseDate>2026-04-13T00:34:15Z</responseDate><request verb="GetRecord" identifier="oai:www.recercat.cat:2072/379491" metadataPrefix="marc">https://recercat.cat/oai/request</request><GetRecord><record><header><identifier>oai:recercat.cat:2072/379491</identifier><datestamp>2026-03-22T21:13:03Z</datestamp><setSpec>com_2072_98</setSpec><setSpec>col_2072_378192</setSpec></header><metadata><record xmlns="http://www.loc.gov/MARC21/slim" xmlns:dcterms="http://purl.org/dc/terms/" xmlns:xsi="http://www.w3.org/2001/XMLSchema-instance" xmlns:doc="http://www.lyncode.com/xoai" xsi:schemaLocation="http://www.loc.gov/MARC21/slim http://www.loc.gov/standards/marcxml/schema/MARC21slim.xsd">
   <leader>00925njm 22002777a 4500</leader>
   <datafield ind2=" " ind1=" " tag="042">
      <subfield code="a">dc</subfield>
   </datafield>
   <datafield ind2=" " ind1=" " tag="720">
      <subfield code="a">Guillén Soler, Gregoria</subfield>
      <subfield code="e">author</subfield>
   </datafield>
   <datafield ind2=" " ind1=" " tag="260">
      <subfield code="c">2000</subfield>
   </datafield>
   <datafield ind2=" " ind1=" " tag="520">
      <subfield code="a">In this report we indicate a research related to learning the geometry of solids, that shows some examples of families of solids that students include in the mental objects they construct for these families and some mistakes they make as a consequence of the difficulties that mathematical content (concepts, properties, relations, etc.) present for the students. This can be prompted o encouraged by the teaching of the subject. Results here reported are obtained through the analyses of information requested from interviews and working sessions carried out with two groups of students aged 12 years. We also analyze the answers that Teacher Training College students gave in writing to some activities they were asked to do before being treated in class.</subfield>
   </datafield>
   <datafield ind2="0" ind1="0" tag="245">
      <subfield code="a">Sobre el aprendizaje de conceptos geométricos relativos a los sólidos : ideas erróneas</subfield>
   </datafield>
</record></metadata></record></GetRecord></OAI-PMH>